000 01223nam0a2200325 4500
001 RU\NLR\bibl\1103485
005 20250615055757.0
010 _a5-93457-131-1
_bВ пер.
_95000
021 _aRU
_b2007-34712
_91846
035 _a(nilc)EL/0000101885
035 _a(NLR Aleph) 001090564
090 _a1115633
_c1115633
100 _a20070117d2006 |||y0rusy50 ca
101 1 _arus
_cger
102 _aRU
105 _aa |||||||||
200 1 _aЛучшие рецепты для вечеринок
_eзакуски, горячие блюда, десерты
_f[пер. с нем.: Конюхова И. Н.]
210 _aМосква
_cФитон+
_d2006
_eПермь
_g"ИПК "Звезда"
215 _a96 с.
_cил.
_d22
225 1 _aЛучшие рецепты
320 _aАлф. указ.: с. 95-96
606 1 _aКулинария
_xРецептура
_92080572
_3RU\NLR\auth\661256513
686 _a36.997
_vLBC/RL
_2rubbk
686 _aЛ997
801 0 _aRU
_bПермская ГОУБ
_c20070117
_grcr
801 1 _aRU
_bПермская ГОУБ
_c20070117
801 2 _aRU
_bNLR
_c20070628
_grcr
942 _cBOOK
980 _aNB